| 000 | 00798nam a2200217Ia 4500 | ||
|---|---|---|---|
| 001 | 18044 | ||
| 003 | GE_BSU | ||
| 008 | 181216s||||||||xx |||||||||||||| ||und|| | ||
| 040 | _cGE_BSU | ||
| 080 | _a81'374(038) | ||
| 100 | _aცხადაია, პაატა | ||
| 245 | _aონომასტიკურ ტერმინთა განმარტებითი ლექსიკონი | ||
| 245 | _cრედ.: შ. აფრიდონიძე | ||
| 260 | _aთბილისი | ||
| 260 | _bთბილ. უნ-ტის გამ-ბა | ||
| 260 | _c1988 | ||
| 300 | _a215გვ. ; 20სმ. | ||
| 541 | _h4ლ. | ||
| 653 | _aონომასტიკურ ტერმინთა განმარტებითი ლექსიკონი | ||
| 942 | _cBK | ||
| 999 |
_c51087 _d51087 |
||